000 00780nam a22002177a 4500
005 20250328085712.0
008 250328b |||||||| |||| 00| 0 eng d
020 _a9798868806940
040 _cAIMIT LIBRARY
082 _21
_a005.762
_bCARA
100 _aCarruthers, Andrew.
_9207132
245 _aMaturing the snowflake data cloud :
_ba templated approach to delivering and governing snowflake in large enterprises /
_cBy Andrew Carruthers and Sahir Ahmed.
250 _a1st ed.
260 _aNew York :
_bApress ;
_c2023.
300 _axx,461p. ;
_bPB
_c25 cm.
650 _aImplementing privatelink
_9207133
650 _aData catalog
_9207134
650 _aBehavior change management
_9207135
700 _aAhmed, Sahir.
_9207136
942 _2ddc
_cBK
_e1st ed.
_k005.762 CARA
999 _c234046
_d234046